[Event "ODJM B 2024"]
[Site "Willingen GER"]
[Date "2024.05.23"]
[Round "7"]
[White "Tulchynsky, Mark"]
[Black "Pflug, Anton"]
[Result "0-1"]
[Termination "normal"]
[Board "34"]
[WhiteElo "1828"]
[BlackElo "1655"]
[WhiteClock "00:26:44"]
[BlackClock "00:20:00"]
[PlyCount "96"]
[WhiteFideId "34617698"]
[BlackFideId "34611495"]
[EventCountry "GER"]
[EventRounds "9"]
[EventType "swiss"]
[EventDate "2024.05.18"]

1. e4 {[%clk 01:30:59]} e5 {[%clk 01:30:50]} {[%emt 00:00:10]} 2. Nf3 {[%clk
01:31:19]} {[%emt 00:00:10]} Nc6 {[%clk 01:31:07]} {[%emt 00:00:13]} 3. Bc4
{[%clk 01:31:46]} {[%emt 00:00:03]} Bc5 {[%clk 01:31:28]} {[%emt 00:00:10]} 4.
c3 {[%clk 01:32:09]} {[%emt 00:00:07]} Nf6 {[%clk 01:31:50]} {[%emt 00:00:07]}
5. d3 {[%clk 01:32:35]} {[%emt 00:00:04]} O-O {[%clk 01:31:00]} {[%emt
00:01:20]} 6. Bb3 {[%clk 01:33:01]} {[%emt 00:00:04]} d5 {[%clk 01:28:30]}
{[%emt 00:03:00]} 7. Nbd2 {[%clk 01:33:26]} {[%emt 00:00:05]} Bg4 {[%clk
01:26:46]} {[%emt 00:02:14]} 8. h3 {[%clk 01:32:37]} {[%emt 00:01:19]} Bh5
{[%clk 01:26:39]} {[%emt 00:00:37]} 9. Qe2 {[%clk 01:32:57]} {[%emt 00:00:11]}
Bg6 {[%clk 01:24:15]} {[%emt 00:02:54]} 10. O-O {[%clk 01:23:46]} {[%emt
00:09:41]} dxe4 {[%clk 01:17:55]} {[%emt 00:06:50]} 11. Nxe4 {[%clk 01:22:28]}
{[%emt 00:01:48]} Nxe4 {[%clk 01:17:11]} {[%emt 00:01:14]} 12. dxe4 {[%clk
01:22:53]} {[%emt 00:00:05]} h6 {[%clk 01:16:53]} {[%emt 00:00:48]} 13. Bd5
{[%clk 01:07:44]} {[%emt 00:15:39]} Qf6 {[%clk 01:05:50]} {[%emt 00:11:32]} 14.
Bxc6 {[%clk 00:43:23]} {[%emt 00:24:51]} bxc6 {[%clk 00:58:53]} {[%emt
00:07:26]} 15. b3 {[%clk 00:39:17]} {[%emt 00:04:37]} Rad8 {[%clk 00:47:41]}
{[%emt 00:11:42]} 16. Bb2 {[%clk 00:38:22]} {[%emt 00:01:25]} Bh5 {[%clk
00:45:32]} {[%emt 00:02:38]} 17. g4 {[%clk 00:27:58]} {[%emt 00:10:55]} Bg6
{[%clk 00:45:46]} {[%emt 00:00:16]} 18. c4 {[%clk 00:28:15]} {[%emt 00:00:13]}
Bd4 {[%clk 00:45:33]} {[%emt 00:00:42]} 19. Nxd4 {[%clk 00:28:01]} {[%emt
00:00:45]} exd4 {[%clk 00:45:55]} {[%emt 00:00:07]} 20. Ba3 {[%clk 00:24:08]}
{[%emt 00:04:24]} Rfe8 {[%clk 00:45:53]} {[%emt 00:00:33]} 21. f3 {[%clk
00:24:16]} {[%emt 00:00:21]} Qe5 {[%clk 00:39:58]} {[%emt 00:06:24]} 22. Qd2
{[%clk 00:13:42]} {[%emt 00:11:04]} f6 {[%clk 00:30:13]} {[%emt 00:10:16]} 23.
Kg2 {[%clk 00:13:34]} {[%emt 00:00:38]} h5 {[%clk 00:26:25]} {[%emt 00:04:18]}
24. Qf2 {[%clk 00:09:15]} {[%emt 00:04:49]} Kf7 {[%clk 00:16:29]} {[%emt
00:10:26]} 25. Qg3 {[%clk 00:08:55]} {[%emt 00:00:50]} Qa5 {[%clk 00:15:42]}
{[%emt 00:01:17]} 26. Bb2 {[%clk 00:09:02]} {[%emt 00:00:23]} Rd7 {[%clk
00:12:52]} {[%emt 00:03:21]} 27. Rfd1 {[%clk 00:08:35]} {[%emt 00:00:56]} c5
{[%clk 00:12:39]} {[%emt 00:00:43]} 28. a3 {[%clk 00:07:29]} {[%emt 00:01:36]}
Qb6 {[%clk 00:11:06]} {[%emt 00:02:03]} 29. Rd3 {[%clk 00:07:42]} {[%emt
00:00:16]} a5 {[%clk 00:10:53]} {[%emt 00:00:44]} 30. Bc1 {[%clk 00:06:30]}
{[%emt 00:01:42]} Qa6 {[%clk 00:07:38]} {[%emt 00:03:45]} 31. Rb1 {[%clk
00:05:36]} {[%emt 00:01:24]} a4 {[%clk 00:07:10]} {[%emt 00:00:58]} 32. Bf4
{[%clk 00:03:05]} {[%emt 00:03:00]} axb3 {[%clk 00:05:24]} {[%emt 00:02:17]}
33. Rbxb3 {[%clk 00:01:32]} {[%emt 00:02:02]} Qxc4 {[%clk 00:05:47]} {[%emt
00:00:08]} 34. Qf2 {[%clk 00:01:02]} {[%emt 00:01:00]} hxg4 {[%clk 00:04:57]}
{[%emt 00:01:20]} 35. hxg4 {[%clk 00:01:27]} {[%emt 00:00:05]} Rxe4 {[%clk
00:05:11]} {[%emt 00:00:16]} 36. fxe4 {[%clk 00:00:56]} {[%emt 00:01:02]} Bxe4+
{[%clk 00:05:35]} {[%emt 00:00:05]} 37. Kg1 {[%clk 00:01:10]} {[%emt 00:00:16]}
Bxd3 {[%clk 00:05:43]} {[%emt 00:00:22]} 38. Rb8 {[%clk 00:01:22]} {[%emt
00:00:18]} Qe6 {[%clk 00:04:50]} {[%emt 00:01:22]} 39. Qg3 {[%clk 00:01:25]}
{[%emt 00:00:28]} Bg6 {[%clk 00:03:47]} {[%emt 00:01:32]} 40. a4 {[%clk
00:01:30]} {[%emt 00:00:25]} d3 {[%clk 00:03:31]} {[%emt 00:00:46]} 41. Bd2
{[%clk 00:01:40]} {[%emt 00:00:20]} Qe2 {[%clk 00:00:40]} {[%emt 00:03:21]} 42.
Qf4 {[%clk 00:30:20]} {[%emt 00:01:50]} Be4 {[%clk 00:28:53]} {[%emt 00:02:18]}
43. Qf2 {[%clk 00:28:57]} {[%emt 00:01:52]} Qxg4+ {[%clk 00:29:07]} {[%emt
00:00:16]} 44. Kf1 {[%clk 00:29:21]} {[%emt 00:00:07]} Qd1+ {[%clk 00:28:51]}
{[%emt 00:00:46]} 45. Qe1 {[%clk 00:29:42]} {[%emt 00:00:08]} Qxa4 {[%clk
00:28:16]} {[%emt 00:01:05]} 46. Bb4 {[%clk 00:28:09]} {[%emt 00:02:02]} Re7
{[%clk 00:21:03]} {[%emt 00:07:44]} 47. Qc1 {[%clk 00:26:16]} {[%emt 00:02:22]}
cxb4 {[%clk 00:19:38]} {[%emt 00:01:56]} 48. Qc4+ {[%clk 00:26:44]} {[%emt
00:00:01]} Kg6 {[%clk 00:20:00]} {[%emt 00:00:07]} 0-1

[Event "ODJM B 2024"]
[Site "Willingen GER"]
[Date "2024.05.23"]
[Round "7"]
[White "Fettig, Konrad"]
[Black "Wolterink, Jule"]
[Result "0-1"]
[Termination "normal"]
[Board "35"]
[WhiteElo "1744"]
[BlackElo "1728"]
[WhiteClock "01:00:39"]
[BlackClock "00:13:04"]
[PlyCount "100"]
[WhiteFideId "34622888"]
[BlackFideId "12981206"]
[EventCountry "GER"]
[EventRounds "9"]
[EventType "swiss"]
[EventDate "2024.05.18"]

1. e4 {[%clk 01:30:58]} {[%emt 00:00:01]} c5 {[%clk 01:30:56]} {[%emt
00:00:04]} 2. Nf3 {[%clk 01:31:24]} {[%emt 00:00:03]} Nc6 {[%clk 01:31:23]}
{[%emt 00:00:04]} 3. c3 {[%clk 01:31:49]} {[%emt 00:00:04]} Nf6 {[%clk
01:31:38]} {[%emt 00:00:16]} 4. e5 {[%clk 01:29:22]} {[%emt 00:02:56]} Nd5
{[%clk 01:32:03]} {[%emt 00:00:06]} 5. Bc4 {[%clk 01:28:32]} {[%emt 00:01:20]}
e6 {[%clk 01:32:12]} {[%emt 00:00:21]} 6. Bxd5 {[%clk 01:28:20]} {[%emt
00:00:41]} exd5 {[%clk 01:32:33]} {[%emt 00:00:10]} 7. d4 {[%clk 01:26:53]}
{[%emt 00:01:57]} cxd4 {[%clk 01:31:33]} {[%emt 00:01:31]} 8. cxd4 {[%clk
01:26:29]} {[%emt 00:00:53]} d6 {[%clk 01:28:02]} {[%emt 00:04:01]} 9. Bf4
{[%clk 01:24:42]} {[%emt 00:02:15]} Bf5 {[%clk 01:24:16]} {[%emt 00:04:17]} 10.
Nc3 {[%clk 01:24:38]} {[%emt 00:00:34]} dxe5 {[%clk 01:22:26]} {[%emt
00:02:21]} 11. Nxe5 {[%clk 01:23:06]} {[%emt 00:02:02]} Bb4 {[%clk 01:17:42]}
{[%emt 00:05:14]} 12. O-O {[%clk 01:21:40]} {[%emt 00:01:55]} O-O {[%clk
01:08:45]} {[%emt 00:09:28]} 13. Nxc6 {[%clk 01:19:04]} {[%emt 00:03:05]} bxc6
{[%clk 01:08:51]} {[%emt 00:00:25]} 14. Rc1 {[%clk 01:18:24]} {[%emt 00:01:09]}
Re8 {[%clk 01:00:35]} {[%emt 00:08:47]} 15. a3 {[%clk 01:16:25]} {[%emt
00:02:29]} Bd6 {[%clk 00:57:22]} {[%emt 00:03:43]} 16. Bxd6 {[%clk 01:15:41]}
{[%emt 00:01:14]} Qxd6 {[%clk 00:57:50]} {[%emt 00:00:02]} 17. Re1 {[%clk
01:14:33]} {[%emt 00:01:36]} Reb8 {[%clk 00:53:06]} {[%emt 00:05:15]} 18. Re5
{[%clk 01:12:55]} {[%emt 00:02:07]} Bg6 {[%clk 00:47:03]} {[%emt 00:06:35]} 19.
Qe2 {[%clk 01:12:21]} {[%emt 00:01:02]} f6 {[%clk 00:43:18]} {[%emt 00:04:16]}
20. Re7 {[%clk 01:12:24]} {[%emt 00:00:26]} Rxb2 {[%clk 00:40:08]} {[%emt
00:03:42]} 21. Rxg7+ {[%clk 01:12:14]} {[%emt 00:00:39]} Kxg7 {[%clk 00:39:32]}
{[%emt 00:01:07]} 22. Qxb2 {[%clk 01:12:38]} {[%emt 00:00:06]} Rb8 {[%clk
00:39:02]} {[%emt 00:01:00]} 23. Qa2 {[%clk 01:11:17]} {[%emt 00:01:50]} Qf4
{[%clk 00:37:08]} {[%emt 00:02:25]} 24. Ne2 {[%clk 01:09:27]} {[%emt 00:02:19]}
Qe4 {[%clk 00:33:01]} {[%emt 00:04:38]} 25. h3 {[%clk 01:09:04]} {[%emt
00:00:53]} Rb1 {[%clk 00:28:25]} {[%emt 00:05:05]} 26. Rxb1 {[%clk 01:08:46]}
{[%emt 00:00:48]} Qxb1+ {[%clk 00:28:50]} {[%emt 00:00:06]} 27. Qxb1 {[%clk
01:09:08]} {[%emt 00:00:06]} Bxb1 {[%clk 00:29:19]} {[%emt 00:00:03]} 28. Kf1
{[%clk 01:07:04]} {[%emt 00:02:33]} Kf7 {[%clk 00:27:21]} {[%emt 00:02:28]} 29.
Ke1 {[%clk 01:07:18]} {[%emt 00:00:16]} Bd3 {[%clk 00:26:47]} {[%emt 00:01:05]}
30. Nf4 {[%clk 01:07:16]} {[%emt 00:00:31]} Bb5 {[%clk 00:26:40]} {[%emt
00:00:38]} 31. Kd2 {[%clk 01:07:33]} {[%emt 00:00:12]} Ke7 {[%clk 00:26:38]}
{[%emt 00:00:32]} 32. Kc3 {[%clk 01:07:52]} {[%emt 00:00:11]} a5 {[%clk
00:25:57]} {[%emt 00:01:11]} 33. Nd3 {[%clk 01:06:56]} {[%emt 00:01:26]} Bxd3
{[%clk 00:21:48]} {[%emt 00:04:41]} 34. Kxd3 {[%clk 01:07:13]} {[%emt
00:00:11]} Kd6 {[%clk 00:22:13]} {[%emt 00:00:05]} 35. g4 {[%clk 01:05:47]}
{[%emt 00:01:56]} c5 {[%clk 00:21:39]} {[%emt 00:01:05]} 36. dxc5+ {[%clk
01:05:50]} {[%emt 00:00:27]} Kxc5 {[%clk 00:22:08]} {[%emt 00:00:02]} 37. f4
{[%clk 01:05:23]} {[%emt 00:00:56]} Kb5 {[%clk 00:20:12]} {[%emt 00:02:26]} 38.
f5 {[%clk 01:05:28]} {[%emt 00:00:25]} Kc5 {[%clk 00:18:31]} {[%emt 00:02:11]}
39. h4 {[%clk 01:04:07]} {[%emt 00:01:50]} h6 {[%clk 00:16:06]} {[%emt
00:02:56]} 40. h5 {[%clk 01:03:09]} {[%emt 00:01:27]} d4 {[%clk 00:14:38]}
{[%emt 00:01:58]} 41. a4 {[%clk 01:01:10]} {[%emt 00:02:30]} Kd5 {[%clk
00:13:51]} {[%emt 00:01:16]} 42. Ke2 {[%clk 01:00:54]} {[%emt 00:00:45]} Ke5
{[%clk 00:13:40]} {[%emt 00:00:43]} 43. Kd3 {[%clk 00:58:49]} {[%emt 00:02:35]}
Kf4 {[%clk 00:10:42]} {[%emt 00:03:27]} 44. Kxd4 {[%clk 00:59:11]} {[%emt
00:00:07]} Kxg4 {[%clk 00:11:06]} {[%emt 00:00:07]} 45. Kc5 {[%clk 00:58:55]}
{[%emt 00:00:46]} Kxh5 {[%clk 00:11:26]} {[%emt 00:00:10]} 46. Kb5 {[%clk
00:59:12]} {[%emt 00:00:13]} Kg5 {[%clk 00:11:43]} {[%emt 00:00:13]} 47. Kxa5
{[%clk 00:59:32]} {[%emt 00:00:10]} h5 {[%clk 00:12:03]} {[%emt 00:00:10]} 48.
Kb6 {[%clk 00:59:51]} {[%emt 00:00:12]} h4 {[%clk 00:12:17]} {[%emt 00:00:16]}
49. a5 {[%clk 01:00:16]} {[%emt 00:00:06]} h3 {[%clk 00:12:41]} {[%emt
00:00:05]} 50. a6 {[%clk 01:00:39]} {[%emt 00:00:07]} h2 {[%clk 00:13:04]}
{[%emt 00:00:06]} 0-1

[Event "ODJM B 2024"]
[Site "Willingen GER"]
[Date "2024.05.23"]
[Round "7"]
[White "Li, Joshua"]
[Black "Brückner, Julian"]
[Result "1/2-1/2"]
[Termination "normal"]
[Board "36"]
[WhiteElo "1601"]
[BlackElo "1766"]
[WhiteClock "00:39:49"]
[BlackClock "00:28:48"]
[PlyCount "89"]
[WhiteFideId "34623639"]
[BlackFideId "34630031"]
[EventCountry "GER"]
[EventRounds "9"]
[EventType "swiss"]
[EventDate "2024.05.18"]

1. e4 {[%clk 01:30:59]} e5 {[%clk 01:30:51]} {[%emt 00:00:09]} 2. Nf3 {[%clk
01:31:25]} {[%emt 00:00:05]} Nc6 {[%clk 01:31:12]} {[%emt 00:00:08]} 3. Bc4
{[%clk 01:31:52]} {[%emt 00:00:03]} Bc5 {[%clk 01:31:35]} {[%emt 00:00:07]} 4.
c3 {[%clk 01:32:18]} {[%emt 00:00:04]} Nf6 {[%clk 01:31:59]} {[%emt 00:00:06]}
5. d4 {[%clk 01:32:45]} {[%emt 00:00:04]} exd4 {[%clk 01:32:18]} {[%emt
00:00:10]} 6. e5 {[%clk 01:33:06]} {[%emt 00:00:10]} d5 {[%clk 01:31:58]}
{[%emt 00:00:50]} 7. Bb5 {[%clk 01:32:21]} {[%emt 00:01:15]} Ne4 {[%clk
01:32:08]} {[%emt 00:00:19]} 8. cxd4 {[%clk 01:32:46]} {[%emt 00:00:05]} Bb6
{[%clk 01:32:32]} {[%emt 00:00:07]} 9. Nc3 {[%clk 01:32:25]} {[%emt 00:00:51]}
Bg4 {[%clk 01:31:32]} {[%emt 00:01:29]} 10. h3 {[%clk 01:31:39]} {[%emt
00:01:14]} Bh5 {[%clk 01:31:08]} {[%emt 00:00:57]} 11. Be3 {[%clk 01:30:50]}
{[%emt 00:01:19]} O-O {[%clk 01:31:11]} {[%emt 00:00:26]} 12. Qc2 {[%clk
01:30:18]} {[%emt 00:01:03]} Bg6 {[%clk 01:30:38]} {[%emt 00:01:03]} 13. Qb3
{[%clk 01:30:42]} {[%emt 00:00:06]} Nxc3 {[%clk 01:27:49]} {[%emt 00:03:18]}
14. bxc3 {[%clk 01:30:03]} {[%emt 00:01:09]} Na5 {[%clk 01:27:19]} {[%emt
00:01:01]} 15. Qa4 {[%clk 01:25:50]} {[%emt 00:04:43]} c6 {[%clk 01:26:54]}
{[%emt 00:00:54]} 16. Be2 {[%clk 01:24:07]} {[%emt 00:02:12]} Bc7 {[%clk
01:24:22]} {[%emt 00:03:03]} 17. Nd2 {[%clk 01:23:56]} {[%emt 00:00:42]} f6
{[%clk 01:22:33]} {[%emt 00:02:19]} 18. Bf4 {[%clk 01:17:25]} {[%emt 00:07:01]}
fxe5 {[%clk 01:22:40]} {[%emt 00:00:22]} 19. Bxe5 {[%clk 01:17:46]} {[%emt
00:00:09]} Bxe5 {[%clk 01:21:54]} {[%emt 00:01:17]} 20. dxe5 {[%clk 01:18:08]}
{[%emt 00:00:07]} b5 {[%clk 01:10:26]} {[%emt 00:11:58]} 21. Qb4 {[%clk
01:12:15]} {[%emt 00:06:21]} Nc4 {[%clk 01:07:25]} {[%emt 00:03:33]} 22. Nxc4
{[%emt 00:00:21]} bxc4 {[%emt 00:00:23]} 23. O-O {[%clk 01:11:42]} {[%emt
00:00:17]} Qg5 {[%clk 00:54:46]} {[%emt 00:13:10]} 24. Rae1 {[%clk 01:04:29]}
{[%emt 00:07:44]} Rae8 {[%clk 00:52:40]} {[%emt 00:02:35]} 25. Qd6 {[%clk
01:01:33]} {[%emt 00:03:27]} Rxe5 {[%clk 00:44:31]} {[%emt 00:08:39]} 26. Bg4
{[%clk 00:52:49]} {[%emt 00:09:14]} Rxe1 {[%clk 00:43:55]} {[%emt 00:01:07]}
27. Rxe1 {[%clk 00:53:10]} {[%emt 00:00:08]} Bf5 {[%clk 00:38:36]} {[%emt
00:05:48]} 28. Qxc6 {[%clk 00:50:42]} {[%emt 00:02:58]} Bxg4 {[%clk 00:36:56]}
{[%emt 00:02:11]} 29. hxg4 {[%clk 00:48:45]} {[%emt 00:02:27]} Qd2 {[%clk
00:33:54]} {[%emt 00:03:31]} 30. Rf1 {[%clk 00:41:11]} {[%emt 00:08:05]} h6
{[%clk 00:30:33]} {[%emt 00:03:51]} 31. Qe6+ {[%clk 00:37:20]} {[%emt
00:04:21]} Kh7 {[%clk 00:28:28]} {[%emt 00:02:34]} 32. Qe7 {[%clk 00:36:37]}
{[%emt 00:01:14]} Rf6 {[%clk 00:27:58]} {[%emt 00:01:00]} 33. Qxa7 {[%clk
00:28:49]} {[%emt 00:08:18]} Qxc3 {[%clk 00:27:22]} {[%emt 00:01:06]} 34. Qe3
{[%clk 00:29:00]} {[%emt 00:00:19]} Qc2 {[%clk 00:12:59]} {[%emt 00:14:53]} 35.
g5 {[%clk 00:27:22]} {[%emt 00:02:07]} hxg5 {[%clk 00:11:43]} {[%emt 00:01:45]}
36. Qxg5 {[%clk 00:27:44]} {[%emt 00:00:08]} Qe4 {[%clk 00:02:44]} {[%emt
00:09:29]} 37. Rd1 {[%clk 00:24:33]} {[%emt 00:03:42]} d4 {[%clk 00:02:30]}
{[%emt 00:00:43]} 38. f3 {[%clk 00:24:14]} {[%emt 00:00:50]} Qe3+ {[%clk
00:01:32]} {[%emt 00:01:28]} 39. Qxe3 {[%clk 00:24:20]} {[%emt 00:00:24]} dxe3
{[%clk 00:01:57]} {[%emt 00:00:05]} 40. Rc1 {[%clk 00:24:15]} {[%emt 00:00:36]}
Rd6 {[%clk 00:01:23]} {[%emt 00:01:03]} 41. Kf1 {[%clk 00:23:47]} {[%emt
00:00:58]} Ra6 {[%clk 00:29:59]} {[%emt 00:01:54]} 42. Rc2 {[%clk 00:50:05]}
{[%emt 00:04:12]} Ra3 {[%clk 00:28:44]} {[%emt 00:01:46]} 43. Ke2 {[%clk
00:48:51]} {[%emt 00:01:44]} Kg6 {[%clk 00:28:30]} {[%emt 00:00:43]} 44. g3
{[%clk 00:48:51]} {[%emt 00:00:30]} Kf5 {[%clk 00:28:48]} {[%emt 00:00:12]} 45.
Rxc4 {[%clk 00:39:49]} {[%emt 00:09:32]} 1/2-1/2

[Event "ODJM B 2024"]
[Site "Willingen GER"]
[Date "2024.05.23"]
[Round "7"]
[White "Lohmann, Rene"]
[Black "Ott, Claudius"]
[Result "1/2-1/2"]
[Termination "normal"]
[Board "37"]
[WhiteElo "1702"]
[BlackElo "1674"]
[WhiteClock "00:20:45"]
[BlackClock "01:21:24"]
[PlyCount "58"]
[WhiteFideId "16242696"]
[BlackFideId "34621024"]
[EventCountry "GER"]
[EventRounds "9"]
[EventType "swiss"]
[EventDate "2024.05.18"]

1. c4 {[%clk 01:30:59]} {[%emt 00:01:07]} Nf6 {[%clk 01:30:48]} {[%emt
00:00:13]} 2. g3 {[%clk 01:31:22]} {[%emt 00:00:07]} g6 {[%clk 01:31:13]}
{[%emt 00:00:05]} 3. Bg2 {[%clk 01:31:46]} {[%emt 00:00:05]} Bg7 {[%clk
01:31:39]} {[%emt 00:00:04]} 4. Nc3 {[%clk 01:32:11]} {[%emt 00:00:06]} O-O
{[%clk 01:31:54]} {[%emt 00:00:16]} 5. e4 {[%clk 01:32:31]} {[%emt 00:00:09]}
c5 {[%clk 01:31:54]} {[%emt 00:00:30]} 6. Nge2 {[%clk 01:32:47]} {[%emt
00:00:13]} Nc6 {[%clk 01:31:54]} {[%emt 00:00:31]} 7. O-O {[%clk 01:32:58]}
{[%emt 00:00:18]} d6 {[%clk 01:32:03]} {[%emt 00:00:21]} 8. h3 {[%clk
01:33:06]} {[%emt 00:00:22]} h5 {[%clk 01:31:24]} {[%emt 00:01:10]} 9. d3
{[%clk 01:30:25]} {[%emt 00:03:11]} b6 {[%clk 01:30:01]} {[%emt 00:01:53]} 10.
e5 {[%clk 01:24:31]} {[%emt 00:06:24]} dxe5 {[%clk 01:28:48]} {[%emt 00:01:44]}
11. Bxc6 {[%clk 01:24:45]} {[%emt 00:00:17]} Bxh3 {[%clk 01:29:11]} {[%emt
00:00:06]} 12. Bg2 {[%clk 01:23:09]} {[%emt 00:02:05]} Bxg2 {[%clk 01:29:28]}
{[%emt 00:00:13]} 13. Kxg2 {[%clk 01:23:32]} {[%emt 00:00:07]} Qd7 {[%clk
01:28:22]} {[%emt 00:01:36]} 14. Qc2 {[%clk 01:22:18]} {[%emt 00:01:44]} Rad8
{[%clk 01:28:02]} {[%emt 00:00:50]} 15. Rd1 {[%clk 01:22:37]} {[%emt 00:00:10]}
Qc6+ {[%clk 01:28:05]} {[%emt 00:00:28]} 16. f3 {[%clk 01:07:12]} {[%emt
00:15:55]} Ng4 {[%clk 01:25:22]} {[%emt 00:03:12]} 17. Nd5 {[%clk 01:03:19]}
{[%emt 00:04:24]} Rfe8 {[%clk 01:24:02]} {[%emt 00:01:50]} 18. fxg4 {[%clk
00:57:13]} {[%emt 00:06:36]} e6 {[%clk 01:24:23]} {[%emt 00:00:09]} 19. Nec3
{[%clk 00:56:02]} {[%emt 00:01:41]} hxg4 {[%clk 01:24:06]} {[%emt 00:00:47]}
20. Qe2 {[%clk 00:54:31]} {[%emt 00:02:01]} exd5 {[%clk 01:24:05]} {[%emt
00:00:31]} 21. Nxd5 {[%clk 00:54:55]} {[%emt 00:00:06]} Qe6 {[%clk 01:23:10]}
{[%emt 00:01:25]} 22. Rb1 {[%clk 00:40:01]} {[%emt 00:15:24]} e4 {[%clk
01:21:21]} {[%emt 00:02:16]} 23. dxe4 {[%emt 00:03:37]} f5 {[%clk 01:21:37]}
24. Nc7 {[%clk 00:35:32]} {[%emt 00:02:09]} Qc6 {[%clk 01:22:01]} {[%emt
00:00:06]} 25. Rxd8 {[%clk 00:32:40]} {[%emt 00:03:23]} Rxd8 {[%clk 01:22:13]}
{[%emt 00:00:18]} 26. Nd5 {[%clk 00:32:46]} {[%emt 00:00:23]} Re8 {[%clk
01:22:36]} {[%emt 00:00:06]} 27. Bg5 {[%clk 00:31:36]} {[%emt 00:01:40]} Kf7
{[%clk 01:22:26]} {[%emt 00:00:40]} 28. b3 {[%clk 00:25:00]} {[%emt 00:07:07]}
Rxe4 {[%clk 01:22:35]} {[%emt 00:00:20]} 29. Qf1 {[%clk 00:20:45]} {[%emt
00:04:45]} Qe6 {[%clk 01:21:24]} {[%emt 00:01:41]} 1/2-1/2